000 01029cam a2200325 4500
999 _c23508
_d23508
001 vtls012080289
005 20221109100939.0
008 211209s2021 xo gr 000 f slo
020 _a9788056906361
_q(viazané)
040 _aGAGK
_bslo
_cGAGK
_dSNK
_erda
041 0 _aslo
044 _axo
_cSK
072 7 _a821.162.4-3
_xSlovenská próza
_2konspekt
080 _a821.162.4-31
_22011
080 _a82-311.4
_22011
100 1 _aJaglová, Tatiana
_4aut
_93751
245 1 0 _aČertova svadba
_cTatiana Jaglová
250 _aPrvé vydanie
264 1 _aBratislava
_bMarenčin PT
_c2021
300 _a286 strán
_c21 cm
336 _atext
_btxt
_2rdacontent
337 _abez média
_bn
_2rdamedia
338 _azväzok
_bnc
_2rdacarrier
500 _aObsahuje biografické údaje o autorke na záložke prebalu knihy
655 7 _aslovenské romány
_2SNKPH
_91694
655 7 _aSlovak fiction
_2SNKPHeng
_91695
655 7 _aspoločenské romány
_2SNKPH
_912
655 7 _aSociety novels
_2SNKPHeng
_93645
958 _aLX